| 000 | 01276 a2200181 4500 | ||
|---|---|---|---|
| 003 | Nust | ||
| 005 | 20221121084033.0 | ||
| 020 | _a8173195889 | ||
| 040 | _cNust | ||
| 082 | _a515.35,DIF | ||
| 100 |
_aBahuguna.D _9103214 |
||
| 245 |
_aDifferential equations and dynamical systems / _cEdited by D . Bahuguna |
||
| 260 |
_aNew Delhi _bNarosa pub House _c2005 |
||
| 300 | _a227p | ||
| 505 | _aWavelets And Some Applications (Page-1), Trends In Wavelet Methods For Two Point Boundary Value Problems (Page-15), Stability And Convergence Of Large Scale Stochastic Approximation Procedures Under Markova Structural Perturbation (Page-25 ), Global Correctness Classes Of Functional Solutions (Page-49), A Nonlinear Gas Liquid Sys In Sliding Motion (Page-69), On Certain Exact Solutions Of A Generalized K-Dv-Burger Type (Page-91), Method Of Semidiscretization In Time Nonlinear Retarded Differential Equations (Page-107), Retarded Differential Equations (Page-119), Spectral Methods As Least Squares Problems (Page-127), Finite Elements (Page-149), Spectral Regularization Of A Singularly Perturbed Elliptic Partial Differential Equations (Page-169), Second Order Semi Linear Evolution Equations (Page-179). | ||
| 650 |
_adynamical system _9103215 |
||
| 942 |
_2ddc _cBK _k515.35,DIF |
||
| 999 |
_c176989 _d176989 |
||